Normal view MARC view
  • Análisis de costos

Entry Materia

Number of records used in: 3

001 - NÚMERO DE CONTROL DEL REGISTRO

  • campo de control: 268

003 - IDENTIFICADOR DE NUMERO DE CONTROL

  • campo de control: MX-MxUPN

005 - FECHA Y HORA DE LA ÚLTIMA TRANSACCIÓN

  • campo de control: 20250521115550.0

008 - DATOS DE LONGITUD FIJA

  • campo de control de longitud fija: 250521nn fccnnbabn n ana |d

035 ## - NÚMERO DE CONTROL DEL SISTEMA

  • Número de control del sistema: UPN10000000268

040 ## - FUENTE DE LA CATALOGACIÓN

  • Centro catalogador de origen: MX-MxUPN
  • Lengua de catalogación: spa

053 #4 - NÚMERO CLASIFICADOR - BIBLIOTECA DEL CONGRESO (LC)

  • Elemento numérico de la clasificación - Número único o no. inicial del rango: HD47.4

150 ## - ENCABEZAMIENTO - TEMÁTICO

  • Término de materia o nombre geográfico como elemento inicial: Análisis de costos

450 ## - VÉASE - MATERIA

  • Encabezamiento temático: Análisis costo-beneficio

450 ## - VÉASE - MATERIA

  • Encabezamiento temático: Análisis de costos y beneficios

670 ## - FUENTE EN LA QUE SE LOCALIZARON DATOS

  • Cita de la fuente: LEMB, 1978 :
  • Información localizada: página 57 (Análisis de costos)

902 ## - CATALOGADOR

  • Catalogador: MEEG/070604
  • Catalogador: VíctorGodínez/210525